All 0 points received in Eurovision (2016-2026) - Statistics

General Stats
  • This quiz has been taken 36 times
  • The average score is 11 of 17
Answer Stats
Year Country % Correct
2021 United Kingdom
88%
2024 United Kingdom
85%
2025 United Kingdom
85%
2021 Germany
79%
2025 Switzerland
76%
2021 Spain
73%
2025 Iceland
67%
2021 Netherlands
67%
2019 Germany
61%
2022 Germany
61%
2022 Switzerland
58%
2017 Spain
55%
2019 Israel
45%
2016 Czechia
42%
2023 San Marino
42%
2017 Austria
39%
2023 Romania
36%
No matching quizzes found
Score Distribution
Percent of People with Each Score
Percentile by Number Answered
Your Score History
You have not taken this quiz